| 000 | 00562 a2200193 4500 | ||
|---|---|---|---|
| 005 | 20260313111101.0 | ||
| 008 | 260312b |||||||| |||| 00| 0 eng d | ||
| 020 |
_a9780198936626 _cRs .1100.00 |
||
| 040 | _aMAIN | ||
| 082 |
_a954.035092 _bL15G |
||
| 100 | _aLal, Vinay, ed. | ||
| 245 | _aGandhi, truth, and nonviolence: The politics of engagement in post-Truth times | ||
| 260 |
_bOxford University Press _c2025 _aOxon |
||
| 300 | _axii, 346 | ||
| 650 | _aHistory | ||
| 650 | _aNonviolence -Pacifism | ||
| 650 | _aGandhian Philosophy | ||
| 942 | _cBK | ||
| 999 |
_c394897 _d394897 |
||